000 00517nam a2200181Ia 4500
005 20250508153218.0
008 008 250505s9999 xx 000 0 eng d
037 _aTextual
040 _aFEDL
_beng
_cFEDL
041 _aeng
_2eng
084 _a509.04, SAR
_qFEDL
100 _aSarton George
_9324849
245 0 _aHistory of science and the new humanism
260 _aBloomington
_bIndiana University Press
_c1962
300 _axv,196p
942 _cTEXL
_h509.04, SAR
999 _c1341295
_d1341295